|
|
|
|
| LEADER |
02710nam a22003733i 4500 |
| 001 |
EBC6637636 |
| 003 |
MiAaPQ |
| 005 |
20231204023217.0 |
| 006 |
m o d | |
| 007 |
cr cnu|||||||| |
| 008 |
231204s2020 xx o ||||0 eng d |
| 020 |
|
|
|a 9783110685008
|q (electronic bk.)
|
| 035 |
|
|
|a (MiAaPQ)EBC6637636
|
| 035 |
|
|
|a (Au-PeEL)EBL6637636
|
| 035 |
|
|
|a (OCoLC)1163878616
|
| 040 |
|
|
|a MiAaPQ
|b eng
|e rda
|e pn
|c MiAaPQ
|d MiAaPQ
|
| 100 |
1 |
|
|a Schumacher, Lydia.
|
| 245 |
1 |
4 |
|a The Summa Halensis :
|b Doctrines and Debates.
|
| 250 |
|
|
|a 1st ed.
|
| 264 |
|
1 |
|a Berlin/Boston :
|b Walter de Gruyter GmbH,
|c 2020.
|
| 264 |
|
4 |
|c ©2020.
|
| 300 |
|
|
|a 1 online resource (378 pages)
|
| 336 |
|
|
|a text
|b txt
|2 rdacontent
|
| 337 |
|
|
|a computer
|b c
|2 rdamedia
|
| 338 |
|
|
|a online resource
|b cr
|2 rdacarrier
|
| 490 |
1 |
|
|a Veröffentlichungen des Grabmann-Institutes Zur Erforschung der Mittelalterlichen Theologie und Philosophie Series ;
|v v.66
|
| 505 |
0 |
|
|a Intro -- Acknowledgements -- Contents -- A Guide to Citing the Summa Halensis -- The Summa Halensis: Doctrines and Debates -- Part 1: Theology and Philosophical Theology -- The Summa Halensis on Whether Universal and Particular Are Said of God -- Forging the Analogy of Being -- The Proof for a Necessary Existent in the Summa Halensis -- Defusing Theological Dynamite -- Providence and Causality in the Summa Halensis -- The Comprehensive Trinitarianism of the Summa Halensis -- The Contribution of the Summa Halensis to the Reason for the Incarnation -- The Summa Halensis -- The Ontology of Grace of Alexander of Hales and John of La Rochelle -- Idolaters, Philosophers and an Elusive Jew -- Part 2: Moral and Sacramental Theology -- Passions and Sins -- From 'Lex aeterna' to the 'leges addictae' -- Beyond the Positive Law -- Contrition, Confession, and the Power of the Keys in the Summa Halensis -- The Eucharist in Early Franciscan Tradition -- Place, Person, and Prayer in the Summa Halensis -- The Sanctification of Mary -- Author Biographies -- Index.
|
| 588 |
|
|
|a Description based on publisher supplied metadata and other sources.
|
| 590 |
|
|
|a Electronic reproduction. Ann Arbor, Michigan : ProQuest Ebook Central, 2023. Available via World Wide Web. Access may be limited to ProQuest Ebook Central affiliated libraries.
|
| 655 |
|
4 |
|a Electronic books.
|
| 776 |
0 |
8 |
|i Print version:
|a Schumacher, Lydia
|t The Summa Halensis
|d Berlin/Boston : Walter de Gruyter GmbH,c2020
|
| 797 |
2 |
|
|a ProQuest (Firm)
|
| 830 |
|
0 |
|a Veröffentlichungen des Grabmann-Institutes Zur Erforschung der Mittelalterlichen Theologie und Philosophie Series
|
| 856 |
4 |
0 |
|u https://ebookcentral.proquest.com/lib/matrademy/detail.action?docID=6637636
|z Click to View
|